| 000 | 00622nam a2200169Ia 4500 | ||
|---|---|---|---|
| 008 | 090124s9999 xx 000 0 und d | ||
| 020 | _a81-88909-13-0 | ||
| 082 | _b44421 | ||
| 245 | _aDICTIONARY OF ARCHEOLOGY पुरातत्व शब्दकोश | ||
| 250 | _a0 | ||
| 260 | _bइंटेलेउायुअल बुक ब्युरो | ||
| 300 | _a229 | ||
| 630 | _aDICTIONARY OF ARCHEOLOGY पुरातत्व शब्दकोश | ||
| 700 | _aसाळी चेतन शंकर | ||
| 730 | _aDICTIONARY OF ARCHEOLOGY पुरातत्व शब्दकोश | ||
| 942 | _cBOOK | ||
| 999 |
_c110634 _d110634 |
||